Shakai shinrigaku / (Record no. 35166)

MARC details
000 -LEADER
fixed length control field 00933cam a2200277 i 4500
001 - CONTROL NUMBER
control field j 67003292
003 - CONTROL NUMBER IDENTIFIER
control field DLC
005 - DATE AND TIME OF LATEST TRANSACTION
control field 20260227111522.0
008 - FIXED-LENGTH DATA ELEMENTS--GENERAL INFORMATION
fixed length control field 990709s1958 ja a 000 0 jpn
010 ## - LIBRARY OF CONGRESS CONTROL NUMBER
LC control number j 67003292
035 ## - SYSTEM CONTROL NUMBER
System control number (CStRLIN)DCLP99-B8623
040 ## - CATALOGING SOURCE
Original cataloging agency DLC-R
Transcribing agency DLC-R
Modifying agency DLC
050 00 - LIBRARY OF CONGRESS CALL NUMBER
Classification number HM251
Item number .S43
066 ## - CHARACTER SETS PRESENT
Alternate G0 or G1 character set $1
245 00 - TITLE STATEMENT
Linkage 880-01
Title Shakai shinrigaku /
Statement of responsibility, etc. Ōi Heiichirō tō kyōcho.
260 ## - PUBLICATION, DISTRIBUTION, ETC.
Linkage 880-02
Place of publication, distribution, etc. [Tokyo] :
Name of publisher, distributor, etc. Daiichi Hyōronsha,
Date of publication, distribution, etc. [1958]
300 ## - PHYSICAL DESCRIPTION
Extent 2, 7, 171 p. :
Other physical details ill. ;
Dimensions 22 cm.
500 ## - GENERAL NOTE
General note In colophon: Henchosha Katanaga Shigeji.
650 #0 - SUBJECT ADDED ENTRY--TOPICAL TERM
Topical term or geographic name entry element Social psychology.
700 1# - ADDED ENTRY--PERSONAL NAME
Linkage 880-03
Personal name Ōi, Heiichirō,
Dates associated with a name 1907-
700 1# - ADDED ENTRY--PERSONAL NAME
Linkage 880-04
Personal name Katanaga, Shigeji,
Dates associated with a name 1907-
880 00 - ALTERNATE GRAPHIC REPRESENTATION
Linkage 245-01/$1
a 社會心理學 /
c 大居平一郎等共著.
880 ## - ALTERNATE GRAPHIC REPRESENTATION
Linkage 260-02/$1
a [Tokyo] :
b 第一評論社,
c [1958]
880 1# - ALTERNATE GRAPHIC REPRESENTATION
Linkage 700-03/$1
a 大居平一郎,
d 1907-
880 1# - ALTERNATE GRAPHIC REPRESENTATION
Linkage 700-04/$1
a 潟永重次,
d 1907-

No items available.

Powered by Koha